[Event "POL-chT13 DMP 2 liga corr"]
[Site "Poland"]
[Date "2000.??.??"]
[Round "?"]
[White "Dziawgo, Wojciech"]
[Black "Dolinska, Urszula"]
[Result "1-0"]
[WhiteElo "1800"]
[BlackElo "1000"]
[PlyCount "53"]
[EventDate "2000.??.??"]
[EventType "team (corr)"]
[EventRounds "14"]
[EventCountry "POL"]
[SourceTitle "Corr 2004"]
[Source "ChessBase"]
[SourceDate "2003.04.28"]
[SourceVersion "3"]
[SourceVersionDate "2003.04.28"]
[SourceQuality "1"]

1. e4 c6 2. d4 d5 3. Nc3 dxe4 4. Nxe4 Bf5 5. Ng3 Bg6 6. Nf3 Nd7 7. Nh4 e6 8. Nxg6 hxg6 9. Bd3 Qb6 10. c3 0-0-0 11. h3 Ngf6 12. 0-0 Nd5 13. c4 Nb4 14. Be2 c5 15. a3 Na6 16. b4 cxb4 17. c5 Naxc5 18. dxc5 Nxc5 19. Qc2 b3 20. Qc3 Rh7 21. Ne4 Rd7 22. Be3 Rc7 23. Nd2 Be7 24. Bd4 Bf6 25. Bxf6 gxf6 26. Qxf6 Rc6 27. Rfd1 1-0

[Event "POL-chT13 DMP 2 liga corr"]
[Site "Poland"]
[Date "2000.??.??"]
[Round "?"]
[White "Radziejowski, Adam"]
[Black "Dolinska, Urszula"]
[Result "1-0"]
[WhiteElo "2040"]
[BlackElo "1000"]
[PlyCount "59"]
[EventDate "2000.??.??"]
[EventType "team (corr)"]
[EventRounds "14"]
[EventCountry "POL"]
[SourceTitle "Corr 2004"]
[Source "ChessBase"]
[SourceDate "2003.04.28"]
[SourceVersion "3"]
[SourceVersionDate "2003.04.28"]
[SourceQuality "1"]

1. e4 c6 2. d4 d5 3. Nc3 dxe4 4. Nxe4 Bf5 5. Ng3 Bg6 6. h4 h6 7. Nf3 Nd7 8. h5 Bh7 9. Bd3 Bxd3 10. Qxd3 Qc7 11. Bd2 e6 12. 0-0-0 Ngf6 13. Ne4 0-0-0 14. g3 Nc5 15. Nxc5 Bxc5 16. c4 Bb6 17. Kb1 a6 18. Bc3 Rhe8 19. Qc2 Re7 20. c5 Ba7 21. Qa4 Rde8 22. Ne5 Kb8 23. Ba5 Qc8 24. Qb3 Rg8 25. Nc4 Qd7 26. f3 Rge8 27. Ne5 Qd5 28. Qc3 Rg8 29. g4 Rf8 30. Rd3 1-0

[Event "POL-chT13 DMP 2 liga corr"]
[Site "Poland"]
[Date "2000.??.??"]
[Round "?"]
[White "Stachowiak, January"]
[Black "Dolinska, Urszula"]
[Result "1-0"]
[WhiteElo "2088"]
[BlackElo "1000"]
[PlyCount "67"]
[EventDate "2000.??.??"]
[EventType "team (corr)"]
[EventRounds "14"]
[EventCountry "POL"]
[SourceTitle "Corr 2004"]
[Source "ChessBase"]
[SourceDate "2003.04.28"]
[SourceVersion "3"]
[SourceVersionDate "2003.04.28"]
[SourceQuality "1"]

1. f4 d5 2. e3 Nf6 3. Nf3 g6 4. b3 Bg7 5. Bb2 0-0 6. c4 c6 7. Be2 Na6 8. 0-0 Nc5 9. cxd5 cxd5 10. Qc2 b6 11. b4 Bf5 12. d3 Ncd7 13. Nd4 Rc8 14. Nc3 Bg4 15. Qd1 Bxe2 16. Qxe2 e5 17. fxe5 Nxe5 18. Rac1 Re8 19. Ncb5 Qe7 20. Rxc8 Rxc8 21. a3 Neg4 22. Re1 a6 23. h3 axb5 24. hxg4 Qd7 25. g5 Ng4 26. g3 Ne5 27. Kg2 Qg4 28. Qxg4 Nxg4 29. Re2 Ne5 30. Rd2 h6 31. Nxb5 hxg5 32. Bxe5 Bxe5 33. a4 Rc1 34. d4 1-0